Broadcast news and writing stylebook / (Record no. 39593)
[ view plain ]
| 000 -LEADER | |
|---|---|
| fixed length control field | 00625nam a2200217 a 4500 |
| 005 - DATE AND TIME OF LATEST TRANSACTION | |
| control field | 20140311163028.0 |
| 008 - FIXED-LENGTH DATA ELEMENTS--GENERAL INFORMATION | |
| fixed length control field | 091207s19uu xx 00 eng d |
| 020 ## - INTERNATIONAL STANDARD BOOK NUMBER | |
| International Standard Book Number | 9780205612581 |
| 050 ## - LIBRARY OF CONGRESS CALL NUMBER | |
| Classification number | PN 4784.B75 |
| Item number | .P36 2010 |
| 100 ## - MAIN ENTRY--PERSONAL NAME | |
| Personal name | Papper, Robert A. |
| 245 ## - TITLE STATEMENT | |
| Title | Broadcast news and writing stylebook / |
| Statement of responsibility, etc | Robert A. Papper. |
| 260 ## - PUBLICATION, DISTRIBUTION, ETC. (IMPRINT) | |
| Place of publication, distribution, etc | Boston, M.A : |
| Name of publisher, distributor, etc | Pearson Education, |
| Date of publication, distribution, etc | 2010. |
| 300 ## - PHYSICAL DESCRIPTION | |
| Extent | 294 p. : |
| Dimensions | 23 cm. |
| 521 ## - TARGET AUDIENCE NOTE | |
| Target audience note | |
| 650 ## - SUBJECT ADDED ENTRY--TOPICAL TERM | |
| Topical term or geographic name as entry element | Broadcast journalism |
| General subdivision | Authorship. |
| 650 ## - SUBJECT ADDED ENTRY--TOPICAL TERM | |
| Topical term or geographic name as entry element | Journalism |
| General subdivision | Style manuals. |
| 650 ## - SUBJECT ADDED ENTRY--TOPICAL TERM | |
| Topical term or geographic name as entry element | Report writing. |
| 942 ## - ADDED ENTRY ELEMENTS (KOHA) | |
| Koha item type | Books |
| Source of classification or shelving scheme | Library of Congress Classification |
| Call number prefix | Foreign |
| Withdrawn status | Lost status | Source of classification or shelving scheme | Damaged status | Home library | Current library | Shelving location | Date acquired | Source of acquisition | Total Checkouts | Total Renewals | Full call number | Barcode | Date last seen | Date checked out | Copy number | Price effective from | Koha item type |
|---|---|---|---|---|---|---|---|---|---|---|---|---|---|---|---|---|---|
| Library of Congress Classification | College Library | College Library | General Circulation Section | 10/19/2010 | Donation | 1 | 18 | PN 4784.B75 .P36 2010 | C11525 | 05/15/2018 | 11/28/2016 | 1 | 10/18/2013 | Books | |||
| Library of Congress Classification | College Library | College Library | General Circulation Section | 01/11/2014 | Donation | 1 | 5 | PN 4784.B75 .P36 2010 | C10642 | 05/15/2018 | 08/26/2014 | 2 | 01/11/2014 | Books |